[Event "Warsaw YMCA Spring-A 273rd"]
[Site "Warsaw"]
[Date "2023.06.15"]
[Round "10"]
[White "Ossolinski, Lukasz"]
[Black "Pichurko, Jakub"]
[Result "1/2-1/2"]
[WhiteElo "1361"]
[BlackElo "1631"]
[PlyCount "59"]
[EventDate "2023.04.13"]
[EventType "tourn"]
[EventRounds "11"]
[EventCountry "POL"]
[SourceTitle "EXT 2024"]
[Source "ChessBase"]
[SourceDate "2023.10.10"]
[SourceVersion "1"]
[SourceVersionDate "2023.10.10"]
[SourceQuality "1"]

1. d4 d5 2. c4 dxc4 3. e3 e6 4. Bxc4 a6 5. a4 c5 6. Nf3 Nf6 7. 0-0 Nc6 8. Nc3 b6 9. d5 exd5 10. Nxd5 Bb7 11. e4 Be7 12. Bf4 Nxd5 13. exd5 Na5 14. Ba2 0-0 15. Ne5 Bd6 16. Qd2 Qf6 17. Nd3 Bxf4 18. Qxf4 Qxf4 19. Nxf4 Rad8 20. Rfe1 g5 21. Nh5 c4 22. Rad1 Rd6 23. Re5 h6 24. f4 Bc8 25. h3 f6 26. Re7 Rf7 27. Re8+ Rf8 28. Re7 Rf7 29. Re8+ Rf8 30. Re7 1/2-1/2

[Event "Warsaw YMCA Spring-A 273rd"]
[Site "Warsaw"]
[Date "2023.06.01"]
[Round "8"]
[White "Jaroszuk, Marcin"]
[Black "Ossolinski, Lukasz"]
[Result "1-0"]
[WhiteElo "1545"]
[BlackElo "1361"]
[PlyCount "91"]
[EventDate "2023.04.13"]
[EventType "tourn"]
[EventRounds "11"]
[EventCountry "POL"]
[SourceTitle "EXT 2024"]
[Source "ChessBase"]
[SourceDate "2023.10.10"]
[SourceVersion "1"]
[SourceVersionDate "2023.10.10"]
[SourceQuality "1"]

1. f4 Nf6 2. Nf3 d5 3. e3 e6 4. Be2 Nbd7 5. b3 b6 6. 0-0 Bb7 7. Bb2 Be7 8. Qe1 Nc5 9. Ne5 Ncd7 10. d3 Bc5 11. Qg3 Rg8 12. Nd2 Qe7 13. d4 Bd6 14. c4 Bb4 15. Ndf3 Ne4 16. Qh3 h6 17. cxd5 Bxd5 18. Bb5 0-0-0 19. Nxd7 Rxd7 20. Bxd7+ Qxd7 21. Ne5 Qe8 22. Qh5 Rf8 23. Qe2 Kb7 24. Rac1 f6 25. Nf3 Qe7 26. Rc2 c6 27. a3 Bd6 28. Rfc1 Rc8 29. Nd2 Nxd2 30. Rxd2 Bxb3 31. Qd3 Ba4 32. g3 f5 33. Qc4 Bb5 34. Qb3 g5 35. Rdc2 c5 36. Qxb5 gxf4 37. exf4 a6 38. Qd3 b5 39. Qf3+ Kb6 40. dxc5+ Bxc5+ 41. Kg2 Rc7 42. Rxc5 Rxc5 43. Bd4 Ka5 44. Bxc5 Qd7 45. Qc3+ Ka4 46. Qb4# 1-0

[Event "Warsaw YMCA Spring-A 273rd"]
[Site "Warsaw"]
[Date "2023.05.25"]
[Round "7"]
[White "Ossolinski, Lukasz"]
[Black "Pasternak Winiarski, Adam"]
[Result "0-1"]
[WhiteElo "1361"]
[BlackElo "1592"]
[PlyCount "108"]
[EventDate "2023.04.13"]
[EventType "tourn"]
[EventRounds "11"]
[EventCountry "POL"]
[SourceTitle "EXT 2024"]
[Source "ChessBase"]
[SourceDate "2023.10.10"]
[SourceVersion "1"]
[SourceVersionDate "2023.10.10"]
[SourceQuality "1"]

1. b3 d5 2. Bb2 Nf6 3. e3 c5 4. Nf3 Nc6 5. d4 Bg4 6. Be2 e6 7. 0-0 Be7 8. Nbd2 0-0 9. a3 h6 10. h3 Bh5 11. Rc1 a6 12. c4 cxd4 13. Nxd4 Bxe2 14. Qxe2 Nxd4 15. exd4 Re8 16. c5 Qc7 17. b4 Nd7 18. Qg4 Bf6 19. Nf3 Nb8 20. Rfe1 Nc6 21. Rcd1 Na7 22. Ne5 a5 23. bxa5 Bxe5 24. dxe5 Qxc5 25. Qb4 Qe7 26. Qb6 Nc6 27. Rc1 Ra6 28. Rxc6 Rxb6 29. Rxb6 Ra8 30. Re3 Rxa5 31. Reb3 Ra7 32. Bd4 Qg5 33. Bb2 Qd2 34. Bc3 Qc1+ 35. Kh2 Rxa3 36. Rxb7 Rxb3 37. Rxb3 Kh7 38. Ba5 Qf4+ 39. Rg3 Qxe5 40. Bc3 d4 41. Bb2 f6 42. Kg1 Qe1+ 43. Kh2 Qxf2 44. Rf3 Qxb2 45. h4 e5 46. h5 Qe2 47. Kg3 d3 48. Kg4 Qxg2+ 49. Kh4 Qg5+ 50. Kh3 Qxh5+ 51. Kg3 d2 52. Rf2 d1Q 53. Rf1 Qg5+ 54. Kh3 Qdh5# 0-1

[Event "Warsaw YMCA Spring-A 273rd"]
[Site "Warsaw"]
[Date "2023.05.04"]
[Round "4"]
[White "Mueck, Piotr"]
[Black "Ossolinski, Lukasz"]
[Result "1/2-1/2"]
[WhiteElo "1347"]
[BlackElo "1361"]
[PlyCount "48"]
[EventDate "2023.04.13"]
[EventType "tourn"]
[EventRounds "11"]
[EventCountry "POL"]
[SourceTitle "EXT 2024"]
[Source "ChessBase"]
[SourceDate "2023.10.10"]
[SourceVersion "1"]
[SourceVersionDate "2023.10.10"]
[SourceQuality "1"]

1. d4 Nf6 2. Nf3 c5 3. d5 b5 4. c4 g6 5. cxb5 a6 6. bxa6 Bg7 7. Nc3 0-0 8. e4 Qa5 9. Bd2 Qb4 10. Qc2 Bxa6 11. Bxa6 Rxa6 12. 0-0 d6 13. h3 Nbd7 14. Rfe1 c4 15. Nd1 Qa4 16. Qxa4 Rxa4 17. Bc3 Nc5 18. Nd2 Rb8 19. f3 Bh6 20. Ne3 Nd3 21. Re2 Nf4 22. Ree1 Nd3 23. Re2 Nf4 24. Ree1 Nd3 1/2-1/2

[Event "Warsaw YMCA Spring-A 273rd"]
[Site "Warsaw"]
[Date "2023.04.20"]
[Round "2"]
[White "Urych, Krzysztof"]
[Black "Ossolinski, Lukasz"]
[Result "1/2-1/2"]
[WhiteElo "1440"]
[BlackElo "1361"]
[PlyCount "36"]
[EventDate "2023.04.13"]
[EventType "tourn"]
[EventRounds "11"]
[EventCountry "POL"]
[SourceTitle "EXT 2024"]
[Source "ChessBase"]
[SourceDate "2023.10.10"]
[SourceVersion "1"]
[SourceVersionDate "2023.10.10"]
[SourceQuality "1"]

1. e4 e5 2. Nf3 Nc6 3. Bc4 h6 4. d4 exd4 5. Nxd4 Nf6 6. Nxc6 dxc6 7. Bxf7+ Kxf7 8. Qxd8 Bb4+ 9. Qd2 Bxd2+ 10. Nxd2 Re8 11. 0-0 Nxe4 12. Nxe4 Rxe4 13. Be3 Bf5 14. c3 Rd8 15. Rad1 Rxd1 16. Rxd1 b6 17. Rd4 Rxd4 18. Bxd4 g6 1/2-1/2

[Event "Warsaw YMCA Autumn-D 223rd"]
[Site "Warsaw"]
[Date "2019.10.22"]
[Round "6"]
[White "Markiewicz, Janusz"]
[Black "Ossolinski, Lukasz"]
[Result "1/2-1/2"]
[WhiteElo "1140"]
[BlackElo "1326"]
[PlyCount "175"]
[EventDate "2019.09.19"]
[EventType "tourn"]
[EventRounds "13"]
[EventCountry "POL"]
[SourceTitle "CBM 195 Extra"]
[Source "ChessBase"]
[SourceDate "2020.05.31"]
[SourceVersion "1"]
[SourceVersionDate "2020.05.31"]
[SourceQuality "1"]

1. e4 c5 2. b4 cxb4 3. a3 e5 4. axb4 Bxb4 5. c3 Be7 6. Bc4 Nf6 7. Nf3 Nc6 8. Bd5 0-0 9. 0-0 d6 10. h3 Qc7 11. d4 exd4 12. cxd4 Nxd5 13. exd5 Nb4 14. Qb3 Na6 15. Na3 Bd7 16. Bd2 b6 17. Rac1 Qb7 18. Rc3 Rfc8 19. Re3 Bf8 20. Ng5 Nc7 21. Qd3 g6 22. Rf3 Bf5 23. Rxf5 gxf5 24. Qxf5 Bg7 25. Qxf7+ Kh8 26. Qh5 Kg8 27. Qf7+ Kh8 28. Ne6 Rg8 29. Qxc7 Qxd5 30. Qc4 Qf5 31. Nf4 Rac8 32. Qd5 Qxd5 33. Nxd5 Rge8 34. Nb5 Rc2 35. Be3 a5 36. Ndc3 Rc8 37. Na4 Ra2 38. Nac3 Rc2 39. Nd5 Bf8 40. Nxb6 Rb8 41. d5 Rxb6 42. Bxb6 a4 43. Bd4+ Kg8 44. Ra1 Rc4 45. Be3 Rb4 46. Nc7 Bg7 47. Ra2 Be5 48. g3 Bb2 49. Bf4 a3 50. Bxd6 Rc4 51. Nb5 Rc1+ 52. Kg2 Rd1 53. Bxa3 Bxa3 54. Rxa3 Rxd5 55. Nc7 Rd2 56. Ra7 Kf7 57. Nb5+ Kg6 58. h4 h5 59. Ra6+ Kg7 60. Nd6 Rb2 61. Ne4 Rb5 62. Nd6 Rb2 63. Nf5+ Kf7 64. Kf3 Rb5 65. Ke4 Rb4+ 66. Nd4 Kg7 67. Rd6 Ra4 68. Kf4 Ra2 69. f3 Ra5 70. Ke4 Ra4 71. Ke5 Ra3 72. Nf5+ Kf7 73. f4 Ra5+ 74. Rd5 Ra1 75. Nd6+ Ke7 76. Kf5 Ra3 77. Ne4 Ra4 78. Nf6 Ra3 79. Nxh5 Rb3 80. Re5+ Kf7 81. g4 Rb4 82. g5 Ra4 83. g6+ Kf8 84. Nf6 Kg7 85. Kg5 Ra8 86. h5 Kf8 87. Re8+ Kg7 88. Rxa8 1/2-1/2

[Event "Warsaw YMCA Autumn-D 223rd"]
[Site "Warsaw"]
[Date "2019.10.15"]
[Round "5"]
[White "Flig, Wojciech"]
[Black "Ossolinski, Lukasz"]
[Result "1/2-1/2"]
[WhiteElo "1321"]
[BlackElo "1326"]
[PlyCount "130"]
[EventDate "2019.09.19"]
[EventType "tourn"]
[EventRounds "13"]
[EventCountry "POL"]
[SourceTitle "CBM 195 Extra"]
[Source "ChessBase"]
[SourceDate "2020.05.31"]
[SourceVersion "1"]
[SourceVersionDate "2020.05.31"]
[SourceQuality "1"]

1. e4 e6 2. d4 d5 3. exd5 exd5 4. Nf3 Bd6 5. Nc3 c6 6. Bg5 Nf6 7. Qe2+ Be6 8. 0-0-0 Nbd7 9. h3 0-0 10. Qd2 Qc7 11. Bd3 h6 12. Be3 Rfe8 13. g4 Ne4 14. Bxe4 dxe4 15. Nh4 g5 16. Ng2 Nb6 17. Nxe4 Bd5 18. Nf6+ Kf8 19. Nxe8 Rxe8 20. Rhg1 Nc4 21. Qd3 Bh2 22. Rge1 b5 23. Qh7 Re6 24. b3 Nd6 25. Nh4 gxh4 26. Bxh6+ Ke7 27. Bg5+ Kd7 28. Rxe6 Bxe6 29. Bxh4 Bf4+ 30. Kb2 a5 31. Qd3 a4 32. Bg3 Bxg3 33. Qxg3 Qa5 34. Qd3 Bd5 35. f3 b4 36. h4 Nb5 37. Qf5+ Be6 38. Qd3 axb3 39. cxb3 Qa3+ 40. Ka1 Nc3 41. Qc2 Bxb3 42. Qxb3 Qxb3 43. axb3 Nxd1 44. Kb1 f6 45. Kc2 Ne3+ 46. Kd3 Nd5 47. Ke4 Ke6 48. h5 Kf7 49. Kd3 f5 50. gxf5 Nf4+ 51. Kc4 Nxh5 52. Kxb4 Ke7 53. Kc5 Kd7 54. d5 cxd5 55. Kxd5 Nf6+ 56. Ke5 Ke7 57. b4 Ne8 58. b5 Nf6 59. Kd4 Kd6 60. f4 Nd5 61. Ke4 Nc3+ 62. Kf3 Nxb5 63. Kg4 Ke7 64. Kg5 Kf7 65. f6 Nc7 1/2-1/2

[Event "Warsaw YMCA Autumn-D 223rd"]
[Site "Warsaw"]
[Date "2019.09.24"]
[Round "2"]
[White "Ossolinski, Lukasz"]
[Black "Iller, Robert"]
[Result "1/2-1/2"]
[WhiteElo "1326"]
[BlackElo "1350"]
[PlyCount "78"]
[EventDate "2019.09.19"]
[EventType "tourn"]
[EventRounds "13"]
[EventCountry "POL"]
[SourceTitle "CBM 195 Extra"]
[Source "ChessBase"]
[SourceDate "2020.05.31"]
[SourceVersion "1"]
[SourceVersionDate "2020.05.31"]
[SourceQuality "1"]

1. e4 d6 2. d4 Nf6 3. Nc3 g6 4. Nf3 Bg7 5. h3 0-0 6. Be3 c6 7. Qd2 b5 8. a3 a5 9. Bd3 Bb7 10. 0-0 Nbd7 11. Rfe1 Qc7 12. Bh6 e5 13. Bxg7 Kxg7 14. b4 axb4 15. axb4 exd4 16. Nxd4 Ne5 17. Nb3 Rxa1 18. Rxa1 Ra8 19. Rxa8 Bxa8 20. Qe3 Nxd3 21. Qxd3 Ne8 22. Qd4+ Kg8 23. Ne2 Ng7 24. Qa1 Qc8 25. f3 c5 26. Qa5 Bc6 27. bxc5 dxc5 28. Nxc5 Be8 29. Qb4 Ne6 30. Nxe6 Qxe6 31. Nd4 Qe5 32. c3 Qc7 33. Nxb5 Bxb5 34. Qxb5 Qxc3 35. Qb8+ Kg7 36. Qf4 f6 37. Qd6 h5 38. Kh2 h4 39. Qf4 Qe1 1/2-1/2

[Event "Warsaw YMCA Summer-B 218th"]
[Site "Warsaw"]
[Date "2019.08.01"]
[Round "8"]
[White "Ossolinski, Lukasz"]
[Black "Kwiek, Janusz"]
[Result "1/2-1/2"]
[WhiteElo "1327"]
[BlackElo "1426"]
[PlyCount "63"]
[EventDate "2019.07.02"]
[EventType "tourn"]
[EventRounds "10"]
[EventCountry "POL"]
[SourceTitle "CBM 195 Extra"]
[Source "ChessBase"]
[SourceDate "2020.05.31"]
[SourceVersion "1"]
[SourceVersionDate "2020.05.31"]
[SourceQuality "1"]

1. e4 d6 2. Nf3 Nf6 3. Nc3 g6 4. d4 Bg7 5. h3 0-0 6. Bc4 c5 7. 0-0 cxd4 8. Nxd4 Nc6 9. Be3 Nxd4 10. Bxd4 Bd7 11. Re1 Rc8 12. Bb3 a6 13. Nd5 Nxd5 14. exd5 Bxd4 15. Qxd4 Bf5 16. c3 Re8 17. Re3 e5 18. dxe6 Bxe6 19. Rae1 Qd7 20. Qf6 Bxb3 21. axb3 Rxe3 22. Rxe3 Re8 23. Rxe8+ Qxe8 24. Qxd6 Qe1+ 25. Kh2 Qxf2 26. Qb8+ Kg7 27. Qxb7 Qxb2 28. Qxa6 Qxc3 29. Qb7 Qe5+ 30. Kh1 Qe1+ 31. Kh2 Qe5+ 32. Kg1 1/2-1/2

[Event "Mazowiec-chT 1718"]
[Site "Warsaw"]
[Date "2018.02.18"]
[Round "8.11"]
[White "Pac, Maciej"]
[Black "Ossolinski, Lukasz"]
[Result "0-1"]
[WhiteElo "1679"]
[BlackElo "1357"]
[PlyCount "114"]
[EventDate "2017.12.03"]
[EventType "team-tourn"]
[EventRounds "10"]
[EventCountry "POL"]
[SourceTitle "EXT 2020"]
[Source "ChessBase"]
[SourceDate "2019.10.17"]
[SourceVersion "1"]
[SourceVersionDate "2019.10.17"]
[SourceQuality "1"]

1. e4 e6 2. d4 d5 3. Nd2 dxe4 4. Nxe4 Nd7 5. Nf3 Ngf6 6. Ng3 c5 7. Bc4 Qc7 8. 0-0 Be7 9. Re1 Nb6 10. Bf1 0-0 11. c3 Bd7 12. Be3 Rfd8 13. Qe2 Nbd5 14. Bd2 cxd4 15. Nxd4 a6 16. Rad1 Nf4 17. Qf3 Ng6 18. Bg5 h6 19. Bc1 Ne5 20. Qe2 Nc6 21. Nc2 Be8 22. Be3 Nd5 23. Bc1 Bc5 24. Ne4 Be7 25. Qf3 Nf6 26. Bd3 Qa5 27. Nxf6+ Bxf6 28. Qe4 Qh5 29. Ne3 Ne5 30. Be2 Qg6 31. Qxb7 Bc6 32. Qb6 Rdb8 33. Qd4 Nf3+ 34. Bxf3 Bxd4 35. Bxc6 Bxe3 36. Bxe3 Rd8 37. Bxa8 Rxa8 38. Bd4 Rb8 39. Re3 Qh5 40. Red3 Rxb2 41. c4 Rc2 42. c5 Qe2 43. Be3 f5 44. Rd8+ Kh7 45. g3 e5 46. R8d2 Rxd2 47. Rxd2 Qe1+ 48. Kg2 f4 49. gxf4 exf4 50. Bxf4 Qe4+ 51. Kg3 Qg6+ 52. Kf3 Qc6+ 53. Ke3 Qxc5+ 54. Ke4 Qc4+ 55. Kf3 Qf7 56. Kg3 h5 57. Kh4 Qxf4+ 0-1